000 00745nam a2200217 i 4500
005 20260513112511.0
008 260513b my ||||| |||| 00| 0 may d
020 _a9786297646237
_c69.90
_qpaperback
040 _aPPAK
_beng
_cPPAK
_erda
082 0 4 _223
_a720.9595116
090 0 0 _a720.9595116
_bGEO
_dG
100 1 _aGray, George T.,
_eauthor.
245 1 2 _aAn Introduction to the Heritage Buildings of KUALA LUMPUR /
_cGeorge T Gray.
264 1 _aBandar Sunway, Selangor :
_bSunway University Press,
_c2025.
264 4 _a©2025.
300 _axi, 170 pages :
_b maps,photographs ;
_c23cm
336 _atext
_2rdacontent
337 _aunmediated
_2rdamedia
338 _avolume
_2rdacarrier
942 _2ddc
_cB
999 _c204217
_d204217